<?xml version="1.0" encoding="UTF-8"?><?xml-stylesheet type="text/xsl" href="static/style.xsl"?><OAI-PMH xmlns="http://www.openarchives.org/OAI/2.0/" xmlns:xsi="http://www.w3.org/2001/XMLSchema-instance" xsi:schemaLocation="http://www.openarchives.org/OAI/2.0/ http://www.openarchives.org/OAI/2.0/OAI-PMH.xsd"><responseDate>2026-06-07T19:38:34Z</responseDate><request verb="GetRecord" identifier="oai:docta.ucm.es:20.500.14352/35385" metadataPrefix="marc">https://docta.ucm.es/rest/oai/request</request><GetRecord><record><header><identifier>oai:docta.ucm.es:20.500.14352/35385</identifier><datestamp>2023-08-25T11:47:49Z</datestamp><setSpec>com_20.500.14352_14</setSpec><setSpec>col_20.500.14352_15</setSpec></header><metadata><record xmlns="http://www.loc.gov/MARC21/slim" xmlns:dcterms="http://purl.org/dc/terms/" xmlns:xsi="http://www.w3.org/2001/XMLSchema-instance" xmlns:doc="http://www.lyncode.com/xoai" xsi:schemaLocation="http://www.loc.gov/MARC21/slim http://www.loc.gov/standards/marcxml/schema/MARC21slim.xsd">
   <leader>00925njm 22002777a 4500</leader>
   <datafield ind2=" " ind1=" " tag="042">
      <subfield code="a">dc</subfield>
   </datafield>
   <datafield ind2=" " ind1=" " tag="720">
      <subfield code="a">Álvarez-Pedrosa Núñez, Juan Antonio</subfield>
      <subfield code="e">author</subfield>
   </datafield>
   <datafield ind2=" " ind1=" " tag="260">
      <subfield code="c">2014-11-29</subfield>
   </datafield>
   <datafield ind2=" " ind1=" " tag="520">
      <subfield code="a">In the following paper the author makes a review of the main theories that have been put forward regarding the reconstruction of the pre-Christian Slavic religion, giving special attention to those postulating close links between the Iranian and the Slavic people in prehistoric times. Said theories are based on two main arguments. The first states that there are a series of etymologies that may have been loans from eastern Iranian into common Slavic. The second focuses on the dualistic character of pre-Christian Slavic religion and its connection to Iranian dualism. After re-examining the data that serves as the basis for these postulates, the author argues that there is no solid theoretical evidence to propose a clear Iranian influence in Slavic paganism.</subfield>
   </datafield>
   <datafield ind2=" " ind1=" " tag="520">
      <subfield code="a">El autor hace una revisión de las principales teorías que se han planteado en relación con la reconstrucción de la religión eslava pre-cristiana, prestando especial atención a aquellos vínculos estrechos entre el pueblo iraní y el eslavo en tiempos prehistóricos. Dichas teorías se basan en dos argumentos principales. La primera afirma que hay una serie de etimologías que pueden haber sido préstamos del este de Irán en el eslavo común. La segunda se centra en el carácter dualista de la religión eslava pre-cristiana y su conexión con el dualismo iraní. Después de reexaminar los datos que sirven de base para estos postulados, el autor argumenta que no hay sólida evidencia teórica para proponer una clara influencia iraní en el paganismo eslavo.</subfield>
   </datafield>
   <datafield ind1="8" ind2=" " tag="024">
      <subfield code="a">1373-1033</subfield>
   </datafield>
   <datafield ind1="8" ind2=" " tag="024">
      <subfield code="a">https://hdl.handle.net/20.500.14352/35385</subfield>
   </datafield>
   <datafield ind1="8" ind2=" " tag="024">
      <subfield code="a">http://www.sbec.be/index.php/publications/ollodagos</subfield>
   </datafield>
   <datafield ind2="0" ind1="0" tag="245">
      <subfield code="a">The reconstruction of the pre-christian slavic religion and iranian lexical borrowing: a methodological review</subfield>
   </datafield>
</record></metadata></record></GetRecord></OAI-PMH>